[Event "Barcelona La Lira op 14th"]
[Site "Barcelona"]
[Date "2023.06.15"]
[Round "9"]
[White "Alcaraz Salas, Ricard"]
[Black "Moya Escalona, Guillem"]
[Result "0-1"]
[WhiteElo "1587"]
[BlackElo "1396"]
[PlyCount "40"]
[EventDate "2023.04.20"]
[EventType "swiss"]
[EventRounds "9"]
[EventCountry "ESP"]
[SourceTitle "EXT 2024"]
[Source "ChessBase"]
[SourceDate "2023.10.10"]
[SourceVersion "1"]
[SourceVersionDate "2023.10.10"]
[SourceQuality "1"]

1. e4 c6 2. Nc3 d5 3. Nf3 dxe4 4. Nxe4 Bg4 5. h3 Bxf3 6. Qxf3 e6 7. Bc4 Nd7 8. d3 Bb4+ 9. c3 Be7 10. Bb3 Ne5 11. Qg3 Nxd3+ 12. Kf1 g6 13. Bc2 Nxc1 14. Rxc1 Nf6 15. Nxf6+ Bxf6 16. Qf3 0-0 17. Ke2 Bg7 18. Rhd1 Qb6 19. b3 Qa6+ 20. Ke1 Qxa2 0-1

[Event "Barcelona La Lira op 39th"]
[Site "Barcelona"]
[Date "2023.02.24"]
[Round "6"]
[White "Febrero Perez, Lluis"]
[Black "Moya Escalona, Guillem"]
[Result "0-1"]
[WhiteElo "1354"]
[BlackElo "1341"]
[PlyCount "102"]
[EventDate "2023.01.20"]
[EventType "swiss"]
[EventRounds "8"]
[EventCountry "ESP"]
[SourceTitle "CBM 213 Extra"]
[Source "ChessBase"]
[SourceDate "2023.05.31"]
[SourceVersion "1"]
[SourceVersionDate "2023.05.31"]
[SourceQuality "1"]

1. e4 c6 2. d4 d5 3. e5 c5 4. c3 cxd4 5. cxd4 Nc6 6. Nf3 Bg4 7. Be3 Qb6 8. Qd2 Bxf3 9. gxf3 e6 10. Nc3 Bb4 11. Bb5 Nge7 12. Bxc6+ Nxc6 13. 0-0 f6 14. f4 f5 15. Qe2 Nxd4 16. Bxd4 Qxd4 17. Qb5+ Kf8 18. Qxb7 Re8 19. Ne2 Qd2 20. Kh1 Qxe2 21. Qxb4+ Kf7 22. Rae1 Qf3+ 23. Kg1 Rb8 24. Qd4 Rb7 25. Re3 Qh5 26. Rfe1 Rhb8 27. Rg3 Kg8 28. Ree3 Qf7 29. Ra3 Rxb2 30. Rxa7 R2b7 31. Rga3 Rxa7 32. Qxa7 Qxa7 33. Rxa7 Kf8 34. Kf1 h6 35. a4 Rb4 36. a5 Rxf4 37. a6 Ra4 38. Ke2 d4 39. Kd3 Kg8 40. f4 Kh7 41. h4 Kg6 42. h5+ Kxh5 43. Rxg7 Rxa6 44. Kxd4 Ra4+ 45. Ke3 Ra3+ 46. Kf2 Ra6 47. Kf3 Kh4 48. Rg6 h5 49. Rh6 Ra3+ 50. Kf2 Kg4 51. Rxe6 Kxf4 0-1

[Event "Barcelona La Lira op 39th"]
[Site "Barcelona"]
[Date "2023.02.03"]
[Round "3"]
[White "Moya Escalona, Guillem"]
[Black "Arcas Lopez, Josep Antoni"]
[Result "1-0"]
[WhiteElo "1341"]
[BlackElo "1461"]
[PlyCount "37"]
[EventDate "2023.01.20"]
[EventType "swiss"]
[EventRounds "8"]
[EventCountry "ESP"]
[SourceTitle "CBM 213 Extra"]
[Source "ChessBase"]
[SourceDate "2023.05.31"]
[SourceVersion "1"]
[SourceVersionDate "2023.05.31"]
[SourceQuality "1"]

1. e4 e5 2. Nc3 Nf6 3. f4 d5 4. fxe5 Nxe4 5. Qf3 f5 6. exf6 Nxf6 7. h3 Bc5 8. d3 0-0 9. Bg5 c6 10. 0-0-0 Qa5 11. Qg3 d4 12. Nge2 dxc3 13. Nxc3 Bd4 14. Bxf6 Rxf6 15. Ne4 Re6 16. Re1 Qxa2 17. Qc7 Qxb2+ 18. Kd1 Re8 19. Nf6+ 1-0